[Event "CAN-ch U12 Girls"]
[Site "Vancouver"]
[Date "2012.07.05"]
[Round "5"]
[White "Andrec, Katherine"]
[Black "Saremi, Yekta"]
[Result "0-1"]
[WhiteElo "945"]
[BlackElo "1334"]
[PlyCount "70"]
[EventDate "2012.07.03"]
[EventType "swiss"]
[EventRounds "7"]
[EventCountry "CAN"]
[SourceTitle "EXT 2022"]
[Source "ChessBase"]
[SourceDate "2021.10.06"]
[SourceVersion "1"]
[SourceVersionDate "2021.10.06"]
[SourceQuality "1"]

1. e4 e5 2. Nf3 Nc6 3. Bc4 Bc5 4. d3 Nf6 5. Nc3 d6 6. Bg5 Bb4 7. a3 Ba5 8. b4 Bb6 9. Nd5 h6 10. Bh4 g5 11. Bg3 Bg4 12. 0-0 Nd4 13. Ne3 Bh5 14. c3 Nxf3+ 15. gxf3 Qd7 16. Nf5 Rh7 17. a4 a6 18. b5 a5 19. d4 Nxe4 20. Qd3 Nxc3 21. Nh4 Rh8 22. Qxc3 Bxd4 23. Qc2 gxh4 24. Bxh4 Bxa1 25. Rxa1 Bg6 26. Qe2 Rg8 27. Kh1 Qh3 28. Rg1 Qxh4 29. Qf1 Ke7 30. Bd5 Rab8 31. Rg4 Qf6 32. Rg2 Bh5 33. Rxg8 Rxg8 34. Bxb7 Bxf3+ 35. Bxf3 Qxf3+ 0-1